[Event "POL-chT 2nd League"]
[Site "Jastrzebia Gora"]
[Date "2018.09.07"]
[Round "7.10"]
[White "Sikorska, Agata"]
[Black "Czaplewska, Klara"]
[Result "1/2-1/2"]
[WhiteElo "2109"]
[BlackElo "1873"]
[PlyCount "89"]
[EventDate "2018.09.01"]
[EventType "team-swiss"]
[EventRounds "9"]
[EventCountry "POL"]
[SourceTitle "CBM 186 Extra"]
[Source "ChessBase"]
[SourceDate "2018.08.24"]
[SourceVersion "1"]
[SourceVersionDate "2018.08.24"]
[SourceQuality "1"]
[WhiteTeam "Czerwionka Leszczyny Skoczek"]
[BlackTeam "Zarow Goniec"]
[WhiteTeamCountry "POL"]
[BlackTeamCountry "POL"]

1. d4 d5 2. c4 e6 3. Nf3 Nf6 4. Nc3 Be7 5. cxd5 exd5 6. Bg5 c6 7. e3 0-0 8. Bd3 h6 9. Bf4 Bg4 10. h3 Be6 11. Qc2 Nbd7 12. 0-0 Rc8 13. Rad1 c5 14. Qe2 cxd4 15. Nxd4 Nc5 16. Bb1 Re8 17. Nxe6 Nxe6 18. Be5 Nc7 19. Qf3 Bd6 20. Bxf6 Qxf6 21. Qxf6 gxf6 22. Nxd5 Nxd5 23. Rxd5 Be5 24. b3 Red8 25. Be4 Rxd5 26. Bxd5 Rc2 27. a4 b6 28. g3 Ra2 29. Kg2 Ra1 30. Rxa1 Bxa1 31. Kf3 Bc3 32. g4 Kg7 33. Ke4 Kg6 34. f4 Bb4 35. h4 Be1 36. h5+ Kg7 37. Kf5 Bd2 38. e4 Be3 39. e5 fxe5 40. Kxe5 f6+ 41. Ke4 Bd2 42. Kf5 Be3 43. Ke4 Bd2 44. Kf5 Be3 45. Ke4 1/2-1/2

[Event "POL-chT 2nd League"]
[Site "Jastrzebia Gora"]
[Date "2018.09.05"]
[Round "6.8"]
[White "Buchta, Agnieszka"]
[Black "Sikorska, Agata"]
[Result "0-1"]
[WhiteElo "1852"]
[BlackElo "2109"]
[PlyCount "60"]
[EventDate "2018.09.01"]
[EventType "team-swiss"]
[EventRounds "9"]
[EventCountry "POL"]
[SourceTitle "CBM 186 Extra"]
[Source "ChessBase"]
[SourceDate "2018.08.24"]
[SourceVersion "1"]
[SourceVersionDate "2018.08.24"]
[SourceQuality "1"]
[WhiteTeam "Jastrzebie Zdroj Pionier"]
[BlackTeam "Czerwionka Leszczyny Skoczek"]
[WhiteTeamCountry "POL"]
[BlackTeamCountry "POL"]

1. e4 c5 2. Nf3 d6 3. d4 cxd4 4. Nxd4 a6 5. Nc3 Nf6 6. Be2 e6 7. 0-0 Be7 8. f4 Nc6 9. Be3 0-0 10. Qe1 Qc7 11. Qg3 Nxd4 12. Bxd4 b5 13. a3 Bb7 14. Rae1 d5 15. exd5 Bc5 16. Bxc5 Qxc5+ 17. Kh1 exd5 18. Bd3 Rfe8 19. Re5 h6 20. Rfe1 b4 21. axb4 Qxb4 22. Rxe8+ Rxe8 23. Rxe8+ Nxe8 24. Nd1 Qd2 25. Qf3 Nf6 26. Qf1 d4 27. b3 Ng4 28. Qe2 Qxd1+ 29. Qxd1 Nf2+ 30. Kg1 Nxd1 0-1

[Event "POL-chT 2nd League"]
[Site "Szklarska Poreba"]
[Date "2017.09.08"]
[Round "7.9"]
[White "Chmiel, Dominika"]
[Black "Sikorska, Agata"]
[Result "0-1"]
[WhiteElo "2123"]
[BlackElo "2102"]
[PlyCount "92"]
[EventDate "2017.09.02"]
[EventType "team-swiss"]
[EventRounds "9"]
[EventCountry "POL"]
[SourceTitle "CBM 180 Extra"]
[Source "ChessBase"]
[SourceDate "2017.10.06"]
[SourceVersion "1"]
[SourceVersionDate "2017.10.06"]
[SourceQuality "1"]
[WhiteTeam "Chroscice Victoria"]
[BlackTeam "Czerwionka Leszczyny Skoczek"]
[WhiteTeamCountry "POL"]
[BlackTeamCountry "POL"]

1. e4 c5 2. Nf3 d6 3. d4 cxd4 4. Nxd4 Nf6 5. Nc3 a6 6. f3 e6 7. Be3 Nc6 8. Qd2 Be7 9. 0-0-0 Nxd4 10. Bxd4 b5 11. g4 e5 12. Be3 Be6 13. g5 Nh5 14. Rg1 0-0 15. Nd5 Bxd5 16. Qxd5 g6 17. h4 Qc7 18. Rd2 Rfb8 19. Be2 Qb7 20. Qd3 a5 21. f4 Nxf4 22. Bxf4 exf4 23. h5 Qb6 24. Rg2 a4 25. hxg6 hxg6 26. Qh3 Bf8 27. Rd3 b4 28. Qg4 Bg7 29. Qxf4 b3 30. axb3 axb3 31. Rxd6 Bxb2+ 32. Kxb2 Ra2+ 33. Kc3 Qb4+ 34. Kd3 bxc2 35. Rc6 Ra3+ 36. Kxc2 Qb2+ 37. Kd1 Ra1+ 38. Rc1 Rxc1+ 39. Qxc1 Rd8+ 40. Bd3 Qxg2 41. Qe3 Ra8 42. Qd4 Qxg5 43. Bc4 Ra1+ 44. Kc2 Qc1+ 45. Kb3 Qd1+ 46. Qxd1 Rxd1 0-1

[Event "POL-chT 2nd League"]
[Site "Szklarska Poreba"]
[Date "2017.09.06"]
[Round "5.10"]
[White "Sikorska, Agata"]
[Black "Wielek, Thomas"]
[Result "1-0"]
[WhiteElo "2102"]
[BlackElo "1803"]
[PlyCount "45"]
[EventDate "2017.09.02"]
[EventType "team-swiss"]
[EventRounds "9"]
[EventCountry "POL"]
[SourceTitle "CBM 180 Extra"]
[Source "ChessBase"]
[SourceDate "2017.10.06"]
[SourceVersion "1"]
[SourceVersionDate "2017.10.06"]
[SourceQuality "1"]
[WhiteTeam "Czerwionka Leszczyny Skoczek"]
[BlackTeam "Podlesie UKS 21"]
[WhiteTeamCountry "POL"]
[BlackTeamCountry "POL"]

1. e4 c5 2. Nf3 g6 3. c3 Bg7 4. d4 cxd4 5. cxd4 d5 6. e5 Nc6 7. h3 f6 8. exf6 exf6 9. Bd3 Nge7 10. 0-0 Be6 11. Nc3 0-0 12. Ne2 g5 13. Re1 Qd7 14. Ng3 Rae8 15. Bxg5 fxg5 16. Bxh7+ Kh8 17. Nxg5 Ng8 18. Bxg8 Kxg8 19. Qh5 Rf4 20. Qh7+ Kf8 21. Nh5 Rf6 22. Nxf6 Bxf6 23. Nxe6+ 1-0

[Event "POL-chT 2nd League"]
[Site "Szklarska Poreba"]
[Date "2017.09.02"]
[Round "1.11"]
[White "Zychowicz, Marcin"]
[Black "Sikorska, Agata"]
[Result "1/2-1/2"]
[WhiteElo "1857"]
[BlackElo "2102"]
[PlyCount "73"]
[EventDate "2017.09.02"]
[EventType "team-swiss"]
[EventRounds "9"]
[EventCountry "POL"]
[SourceTitle "CBM 180 Extra"]
[Source "ChessBase"]
[SourceDate "2017.10.06"]
[SourceVersion "1"]
[SourceVersionDate "2017.10.06"]
[SourceQuality "1"]
[WhiteTeam "Minsk Mazowiecki MTSz"]
[BlackTeam "Czerwionka Leszczyny Skoczek"]
[WhiteTeamCountry "POL"]
[BlackTeamCountry "POL"]

1. e4 c5 2. Nf3 d6 3. d4 cxd4 4. Nxd4 Nf6 5. Nc3 a6 6. Be3 e6 7. g4 Nc6 8. g5 Nd7 9. Bc4 Nde5 10. Nxc6 bxc6 11. Bb3 Be7 12. f4 Nd7 13. Qh5 g6 14. Qf3 Bb7 15. 0-0-0 c5 16. Ba4 Rc8 17. h4 Qc7 18. h5 Rf8 19. hxg6 hxg6 20. Qh3 Rb8 21. Rhe1 Bc6 22. Bxc6 Qxc6 23. f5 Qb6 24. b3 Qa5 25. Na4 Qb4 26. fxe6 Qa3+ 27. Nb2 Ne5 28. exf7+ Rxf7 29. Kb1 Qb4 30. Bd2 Qb7 31. Qh8+ Kd7 32. Qh3+ Ke8 33. Qh8+ Rf8 34. Qh7 Rf7 35. Qh8+ Rf8 36. Qh7 Rf7 37. Qh8+ 1/2-1/2

[Event "POL-ch (Women)"]
[Site "Poznan"]
[Date "2015.03.24"]
[Round "1"]
[White "Zawadzka, Jolanta"]
[Black "Sikorska, Agata"]
[Result "1-0"]
[WhiteElo "2422"]
[BlackElo "2119"]
[PlyCount "203"]
[EventDate "2015.03.24"]
[EventType "tourn"]
[EventRounds "9"]
[EventCountry "POL"]
[EventCategory "2"]
[SourceTitle "CBM 165 Extra"]
[Source "ChessBase"]
[SourceDate "2015.04.21"]
[SourceVersion "1"]
[SourceVersionDate "2015.04.21"]
[SourceQuality "1"]

1. c4 e5 2. g3 Nc6 3. Bg2 g6 4. Nc3 Bg7 5. Rb1 a5 6. d3 d6 7. e3 Be6 8. Nge2 Nge7 9. Nd5 0-0 10. 0-0 Qd7 11. Nec3 Rae8 12. a3 Nd8 13. Bd2 Nxd5 14. Nxd5 b6 15. b4 axb4 16. axb4 f5 17. f4 Kh8 18. b5 Bg8 19. Ra1 Bxd5 20. Bxd5 exf4 21. gxf4 c6 22. bxc6 Nxc6 23. Ra6 Ne7 24. Bf3 Nc8 25. Qb3 Qe7 26. Rf2 Qh4 27. Kf1 Qh3+ 28. Ke2 Qh4 29. Ra8 Re7 30. Kf1 Qh3+ 31. Ke2 Qh4 32. Kf1 Qh3+ 33. Bg2 Qxh2 34. Qa4 Qh5 35. Rf3 Qh4 36. Qc6 Ree8 37. Bb4 Qf6 38. d4 Ne7 39. Qxe8 Rxe8 40. Rxe8+ Bf8 41. Ra8 h6 42. Rf2 Kh7 43. Rfa2 Bg7 44. R2a7 Qe6 45. Kf2 Qxc4 46. Bxd6 Qc2+ 47. Kg3 g5 48. Rxe7 Qd2 49. fxg5 Qe1+ 50. Kh3 hxg5 51. Bg3 Qe2 52. Kh2 Qh5+ 53. Kg1 Qd1+ 54. Bf1 Qf3 55. Rxg7+ Kxg7 56. Be5+ Kg6 57. Rg8+ Kh5 58. Rh8+ Kg6 59. Rh3 Qd1 60. Kf2 Qd2+ 61. Be2 b5 62. Rh1 f4 63. exf4 gxf4 64. Rh3 b4 65. Rd3 Qc1 66. Rb3 Kf5 67. Rf3 Qd2 68. Rxf4+ Ke6 69. Rf6+ Ke7 70. Rb6 Qb2 71. Bf6+ Kf7 72. Ke3 Qc1+ 73. Ke4 Qc2+ 74. Bd3 Qg2+ 75. Ke3 Qg3+ 76. Kd2 Qh2+ 77. Be2 Qf4+ 78. Kd1 Qe4 79. Bc4+ Kg6 80. Be5+ Kh7 81. Rxb4 Qh1+ 82. Kc2 Qg2+ 83. Kc3 Qc6 84. d5 Qc8 85. Rb8 Qc5 86. Kd3 Kg6 87. Bd4 Qa3+ 88. Rb3 Qc1 89. Rb6+ Kf5 90. Rf6+ Kg4 91. Rg6+ Kf5 92. Rg1 Qa3+ 93. Bc3 Qc5 94. Rf1+ Kg6 95. Rf4 Qa3 96. Rd4 Qd6 97. Kc2 Qh2+ 98. Kb3 Qb8+ 99. Bb4 Qb6 100. Rd3 Qg1 101. d6 Qb1+ 102. Ka4 1-0

[Event "BL 1213 (Women)"]
[Site "Germany"]
[Date "2012.12.16"]
[Round "5.1"]
[White "Socko, Monika"]
[Black "Sikorska, Agata"]
[Result "1-0"]
[WhiteElo "2445"]
[BlackElo "2110"]
[PlyCount "85"]
[EventDate "2012.10.06"]
[EventType "team-tourn"]
[EventRounds "11"]
[EventCountry "GER"]
[SourceTitle "EXT 2014"]
[Source "ChessBase"]
[SourceDate "2013.11.20"]
[SourceVersion "1"]
[SourceVersionDate "2013.11.20"]
[SourceQuality "1"]
[WhiteTeam "Hamburger SK (W)"]
[BlackTeam "Guben (W)"]
[WhiteTeamCountry "GER"]
[BlackTeamCountry "GER"]

1. d4 d5 2. c4 c6 3. cxd5 cxd5 4. Nc3 Nf6 5. Bf4 Nc6 6. e3 Bf5 7. Qb3 Qb6 8. Qxb6 axb6 9. Nf3 e6 10. Bb5 Bb4 11. Ne5 Rc8 12. Nxc6 bxc6 13. Ba6 Ra8 14. Bb7 Bxc3+ 15. bxc3 Ra3 16. Bxc6+ Ke7 17. 0-0 Bd3 18. Rfd1 Rxc3 19. Ba4 Nh5 20. Bc7 Ra8 21. Bb3 Rxc7 22. Rxd3 Nf6 23. f3 Rac8 24. Kf2 Rc1 25. Rd1 R1c3 26. Rab1 g5 27. Rd2 Kd6 28. Bd1 Kc7 29. Rdb2 Rb8 30. Ke2 Ne8 31. Kd2 Ra3 32. Rc1+ Kb7 33. Bb3 Nd6 34. Rbc2 Rc8 35. Rxc8 Nxc8 36. e4 dxe4 37. fxe4 Nd6 38. e5 Nb5 39. Kd3 Nc7 40. Rf1 Nd5 41. Rxf7+ Kc6 42. Rxh7 Nf4+ 43. Ke4 1-0

[Event "BL 1213 (Women)"]
[Site "Germany"]
[Date "2012.12.02"]
[Round "4.2"]
[White "Sikorska, Agata"]
[Black "Koepke, Elena"]
[Result "0-1"]
[WhiteElo "2110"]
[BlackElo "2288"]
[PlyCount "82"]
[EventDate "2012.10.06"]
[EventType "team-tourn"]
[EventRounds "11"]
[EventCountry "GER"]
[SourceTitle "EXT 2014"]
[Source "ChessBase"]
[SourceDate "2013.11.20"]
[SourceVersion "1"]
[SourceVersionDate "2013.11.20"]
[SourceQuality "1"]
[WhiteTeam "Guben (W)"]
[BlackTeam "Friedberg (W)"]
[WhiteTeamCountry "GER"]
[BlackTeamCountry "GER"]

1. e4 c5 2. Nf3 g6 3. c3 Bg7 4. d4 cxd4 5. cxd4 d5 6. e5 Bg4 7. Be2 Nc6 8. Nc3 Nh6 9. h3 Bxf3 10. Bxf3 e6 11. 0-0 0-0 12. Ne2 f6 13. Nf4 Re8 14. Re1 fxe5 15. dxe5 Kh8 16. Nd3 Rf8 17. Be3 Nf5 18. Bc5 Re8 19. g3 Rc8 20. Bg2 b6 21. Ba3 Ncd4 22. Rc1 Rxc1 23. Qxc1 Qd7 24. g4 Nh4 25. Qd1 Nxg2 26. Kxg2 Rc8 27. Nb4 Nb5 28. Nc2 Nxa3 29. Nxa3 d4 30. f3 d3 31. Re3 d2 32. Nb1 Rc1 33. Qxd2 Qxd2+ 34. Nxd2 Rc2 35. Rd3 Bh6 36. Rd8+ Kg7 37. Rd7+ Kf8 38. Kg3 Bxd2 39. Rxa7 g5 40. f4 Bxf4+ 41. Kf3 Bxe5 0-1

[Event "BL 1213 (Women)"]
[Site "Germany"]
[Date "2012.10.07"]
[Round "2.3"]
[White "Sikorska, Agata"]
[Black "Zozulia, Anna"]
[Result "1/2-1/2"]
[WhiteElo "2110"]
[BlackElo "2345"]
[PlyCount "80"]
[EventDate "2012.10.06"]
[EventType "team-tourn"]
[EventRounds "11"]
[EventCountry "GER"]
[SourceTitle "EXT 2013"]
[Source "ChessBase"]
[SourceDate "2012.11.22"]
[SourceVersion "1"]
[SourceVersionDate "2012.11.22"]
[SourceQuality "1"]
[WhiteTeam "Guben (W)"]
[BlackTeam "Muelheim Nord (W)"]
[WhiteTeamCountry "GER"]
[BlackTeamCountry "GER"]

1. e4 c5 2. Nf3 e6 3. d4 cxd4 4. Nxd4 Nc6 5. Nxc6 bxc6 6. Bd3 d5 7. 0-0 Nf6 8. Nd2 Be7 9. b3 0-0 10. Bb2 Nd7 11. exd5 cxd5 12. c4 Bb7 13. cxd5 Bxd5 14. Ne4 Nf6 15. Qe2 Nxe4 16. Bxe4 Bxe4 17. Qxe4 Qd2 18. Qd4 Qxd4 19. Bxd4 a5 20. g3 a4 21. Rfc1 Rfd8 22. Be3 h5 23. h4 axb3 24. axb3 Rxa1 25. Rxa1 Rb8 26. Rb1 f6 27. Kf1 Kf7 28. Ke2 e5 29. Bd2 Ke6 30. b4 Kd5 31. Rd1 Ke6 32. Rb1 Bd6 33. b5 Bc5 34. Be3 Bxe3 35. Kxe3 Rb6 36. f4 Kd5 37. Rd1+ Ke6 38. Rb1 Kd5 39. Rd1+ Ke6 40. Rb1 Kd5 1/2-1/2

[Event "POL-chT3 2010/11"]
[Site "Wielkopolska"]
[Date "2011.04.15"]
[Round "10"]
[White "Sikorska, Agata"]
[Black "Stolarczyk, Anna"]
[Result "1-0"]
[WhiteElo "2068"]
[BlackElo "1929"]
[PlyCount "83"]
[EventDate "2010.11.28"]
[EventType "team-tourn"]
[EventRounds "11"]
[EventCountry "POL"]
[SourceTitle "EXT 2019"]
[Source "ChessBase"]
[SourceDate "2018.10.10"]
[SourceVersion "1"]
[SourceVersionDate "2018.10.10"]
[SourceQuality "1"]
[WhiteTeam "Poznan Lech"]
[BlackTeam "Poznan Komandoria"]
[WhiteTeamCountry "POL"]
[BlackTeamCountry "POL"]

1. e4 c5 2. Nf3 d6 3. d4 cxd4 4. Nxd4 Nf6 5. Nc3 a6 6. Be2 e5 7. Nb3 Be7 8. 0-0 Be6 9. f4 Nc6 10. f5 Bxb3 11. axb3 b5 12. Be3 0-0 13. Bf3 Qb8 14. g4 Bd8 15. g5 Nd7 16. Nd5 f6 17. g6 h6 18. Qd2 Nb6 19. Kh1 Qb7 20. Rg1 Nd4 21. Bxd4 Nxd5 22. Bf2 Nf4 23. Qxd6 Bc7 24. Qc5 Rfc8 25. Rgd1 Bd8 26. Qd6 Be7 27. Qd2 Rd8 28. Qa5 Qc6 29. Rxd8+ Bxd8 30. Qd2 Bb6 31. Rd1 Bxf2 32. Qxf2 Kf8 33. Qd2 Ke7 34. Qb4+ Ke8 35. c3 a5 36. Qa3 a4 37. bxa4 Rxa4 38. Qb3 Qc4 39. Qc2 Ra2 40. Qd2 Qc7 41. Be2 Nxe2 42. Qd5 1-0

[Event "GER-chT Universities"]
[Site "Augsburg"]
[Date "2010.10.08"]
[Round "5.1"]
[White "Sikorska, Agata"]
[Black "Luhn, Robert"]
[Result "1/2-1/2"]
[WhiteElo "2096"]
[BlackElo "1871"]
[PlyCount "78"]
[EventDate "2010.10.06"]
[EventType "team-swiss"]
[EventRounds "6"]
[EventCountry "GER"]
[SourceTitle "EXT 2016"]
[Source "ChessBase"]
[SourceDate "2015.10.08"]
[SourceVersion "1"]
[SourceVersionDate "2015.10.08"]
[SourceQuality "1"]
[WhiteTeam "Poznan FH II"]
[BlackTeam "Augsburg Uni II"]
[WhiteTeamCountry "POL"]
[BlackTeamCountry "GER"]

1. e4 c5 2. Nf3 d6 3. d4 cxd4 4. Nxd4 Nf6 5. Nc3 a6 6. Be2 e6 7. 0-0 Be7 8. a4 Qc7 9. Be3 b6 10. Nb3 Nbd7 11. f4 Bb7 12. Bf3 0-0 13. Rf2 Rfd8 14. g4 Nc5 15. Nxc5 dxc5 16. Qe1 c4 17. g5 Nd7 18. h4 Bc5 19. h5 Bxe3 20. Qxe3 Qc5 21. Re1 Qxe3 22. Rxe3 Nc5 23. f5 exf5 24. exf5 Bxf3 25. Rexf3 Rd4 26. f6 Rg4+ 27. Rg2 Rxg2+ 28. Kxg2 Re8 29. g6 hxg6 30. hxg6 Re6 31. gxf7+ Kxf7 32. fxg7+ Kxg7 33. Rf4 b5 34. axb5 axb5 35. Nxb5 Re2+ 36. Rf2 Rxf2+ 37. Kxf2 Na4 38. b3 cxb3 39. cxb3 Nc5 1/2-1/2

[Event "BL2 Ost 0910 (Women)"]
[Site "Germany"]
[Date "2010.03.14"]
[Round "7.3"]
[White "Sikorska, Agata"]
[Black "Handrick Morgenstern, Petra"]
[Result "1-0"]
[WhiteElo "2086"]
[BlackElo "1961"]
[PlyCount "75"]
[EventDate "2009.11.07"]
[EventType "team-tourn"]
[EventRounds "7"]
[EventCountry "GER"]
[SourceTitle "CBM 133 Extra"]
[Source "ChessBase"]
[SourceDate "2010.01.05"]
[SourceVersion "1"]
[SourceVersionDate "2010.01.05"]
[SourceQuality "1"]
[WhiteTeam "Guben (W)"]
[BlackTeam "Dresden Gruen Weiss (W)"]
[WhiteTeamCountry "GER"]
[BlackTeamCountry "GER"]

1. e4 c5 2. Nf3 d6 3. d4 cxd4 4. Nxd4 Nf6 5. Nc3 a6 6. Be2 e6 7. 0-0 Be7 8. Be3 Qc7 9. a4 Nbd7 10. Nb3 b6 11. f4 Bb7 12. Bf3 Rc8 13. Qd2 0-0 14. g4 d5 15. exd5 Nxd5 16. Nxd5 Bxd5 17. Bxd5 exd5 18. Rf2 Nf6 19. Rg2 Rfd8 20. Nd4 Ne4 21. Qe2 Qb7 22. c3 Bc5 23. Nf5 Re8 24. Qf3 Qc6 25. Bd4 Bxd4+ 26. Nxd4 Qc5 27. Kh1 Qc4 28. g5 Nc5 29. f5 Nd3 30. g6 hxg6 31. fxg6 fxg6 32. Rxg6 Re1+ 33. Rxe1 Nxe1 34. Qe3 Kh7 35. Rg1 Nd3 36. Qh3+ Kg8 37. Qe6+ Kh7 38. Rxg7+ 1-0

[Event "POL-chT (Women) 2nd"]
[Site "Wroclaw"]
[Date "2009.11.22"]
[Round "5"]
[White "Piekarska, Anna"]
[Black "Sikorska, Agata"]
[Result "1-0"]
[WhiteElo "1782"]
[BlackElo "1593"]
[PlyCount "77"]
[EventDate "2009.11.20"]
[EventType "team-swiss"]
[EventRounds "5"]
[EventCountry "POL"]
[SourceTitle "CBM 133 Extra"]
[Source "ChessBase"]
[SourceDate "2010.01.05"]
[SourceVersion "1"]
[SourceVersionDate "2010.01.05"]
[SourceQuality "1"]
[WhiteTeam "Wroclaw MUKS MDK Srodmiescie (W)"]
[BlackTeam "Smigiel KSz Wieza (W)"]
[WhiteTeamCountry "POL"]
[BlackTeamCountry "POL"]

1. e4 c5 2. Nf3 d6 3. d3 g6 4. g3 Bg7 5. Bg2 Nc6 6. 0-0 e6 7. c3 Nge7 8. Be3 0-0 9. d4 cxd4 10. Nxd4 d5 11. exd5 Nxd5 12. Nxc6 bxc6 13. Bc5 Re8 14. Nd2 Qc7 15. Qc2 Ba6 16. Rfe1 Rab8 17. Ne4 Rbd8 18. Rad1 Rd7 19. c4 Nb6 20. Bd6 Qd8 21. b3 Nc8 22. Bb4 Rxd1 23. Rxd1 Qb6 24. Qd2 Qc7 25. Ba5 Qe7 26. Bd8 Qf8 27. Qa5 h6 28. Rd3 Kh7 29. Nc5 Nb6 30. Bc7 Bxc4 31. Bd6 Qh8 32. bxc4 Nxc4 33. Qxa7 Ra8 34. Qxf7 Rxa2 35. Be4 Ra1+ 36. Kg2 Qc8 37. Qxg6+ Kg8 38. Qh7+ Kf7 39. Bg6+ 1-0

[Event "Poznan op-A 18th"]
[Site "Poznan"]
[Date "2009.07.21"]
[Round "3"]
[White "Sikorska, Agata"]
[Black "Nawrocki, Przemyslaw"]
[Result "1/2-1/2"]
[WhiteElo "2091"]
[BlackElo "2040"]
[PlyCount "105"]
[EventDate "2009.07.19"]
[EventType "swiss"]
[EventRounds "9"]
[EventCountry "POL"]
[SourceTitle "CBM 131 Extra"]
[Source "ChessBase"]
[SourceDate "2009.09.03"]
[SourceVersion "2"]
[SourceVersionDate "2009.09.16"]
[SourceQuality "1"]

1. e4 c5 2. Nf3 d6 3. d4 cxd4 4. Nxd4 Nf6 5. Bd3 Nc6 6. Nxc6 bxc6 7. c4 g6 8. 0-0 Bg7 9. Nc3 0-0 10. Qc2 e5 11. Rd1 Be6 12. Bf1 Qc7 13. Qd3 Rfd8 14. Bg5 h6 15. Bh4 g5 16. Bg3 d5 17. exd5 cxd5 18. Nb5 Qb8 19. c5 Ne4 20. Qa3 Bf8 21. b4 a5 22. Qb2 d4 23. c6 Bd6 24. Rac1 Rc8 25. Nxd6 Qxd6 26. b5 Nxg3 27. hxg3 Rab8 28. a4 Rxc6 29. Rxc6 Qxc6 30. Qxd4 Qxb5 31. Qd8+ Qe8 32. Qxa5 Bd7 33. Qa6 Bxa4 34. Ra1 Bc6 35. Rc1 Rc8 36. Re1 f6 37. Rb1 Ra8 38. Qc4+ Kg7 39. Rb6 Rc8 40. Ra6 Qd7 41. Qb3 Ra8 42. Rxa8 Bxa8 43. Bc4 Qb7 44. Qxb7+ Bxb7 45. f3 f5 46. Kf2 Kf6 47. Ke3 Bc6 48. Ba6 Ke6 49. Bc4+ Kd6 50. Ba6 Bd7 51. Bb7 h5 52. Ba6 Kc5 53. Bd3 1/2-1/2

[Event "Wroclaw op"]
[Site "Wroclaw"]
[Date "2009.05.04"]
[Round "8"]
[White "Luch, Michal"]
[Black "Sikorska, Agata"]
[Result "1/2-1/2"]
[WhiteElo "2412"]
[BlackElo "2110"]
[PlyCount "62"]
[EventDate "2009.04.27"]
[EventType "swiss"]
[EventRounds "9"]
[EventCountry "POL"]
[SourceTitle "CBM 130 Extra"]
[Source "ChessBase"]
[SourceDate "2009.07.02"]
[SourceVersion "2"]
[SourceVersionDate "2009.07.15"]
[SourceQuality "1"]

1. d4 Nf6 2. c4 d6 3. Nf3 Nbd7 4. g3 e5 5. Bg2 Be7 6. 0-0 0-0 7. Nc3 c6 8. Qc2 Qc7 9. h3 Re8 10. a3 a5 11. e4 Bf8 12. Be3 g6 13. Na4 exd4 14. Nxd4 Bg7 15. Rad1 Nf8 16. Ne2 c5 17. Bf4 Re6 18. Nec3 Bd7 19. Qd3 Bxa4 20. Nxa4 Rd8 21. e5 Nh5 22. exd6 Qb8 23. Bg5 Rdxd6 24. Bd5 h6 25. Bc1 Bd4 26. g4 Nf6 27. Bf4 Qd8 28. Bxd6 Rxd6 29. Nc3 Nxd5 30. cxd5 Ne6 31. Qg3 Nc7 1/2-1/2

[Event "Wroclaw op"]
[Site "Wroclaw"]
[Date "2009.05.03"]
[Round "7"]
[White "Sikorska, Agata"]
[Black "Narmontas, Matas"]
[Result "0-1"]
[WhiteElo "2110"]
[BlackElo "2367"]
[PlyCount "106"]
[EventDate "2009.04.27"]
[EventType "swiss"]
[EventRounds "9"]
[EventCountry "POL"]
[SourceTitle "CBM 130 Extra"]
[Source "ChessBase"]
[SourceDate "2009.07.02"]
[SourceVersion "2"]
[SourceVersionDate "2009.07.15"]
[SourceQuality "1"]

1. e4 c5 2. Nf3 e6 3. d4 cxd4 4. Nxd4 Qb6 5. Nb3 Qc7 6. Bd3 Nf6 7. Nc3 a6 8. Qe2 d6 9. a4 b6 10. 0-0 Bb7 11. Bg5 Be7 12. f4 Nbd7 13. Rae1 h6 14. Bxf6 Bxf6 15. f5 Ne5 16. Kh1 0-0 17. fxe6 fxe6 18. Nd4 Nxd3 19. Qxd3 Rae8 20. Nce2 d5 21. Qb3 Qd6 22. c3 dxe4 23. Ng3 Bd5 24. Qd1 Qe5 25. Qg4 Bg5 26. Nf3 exf3 27. Rxe5 fxg2+ 28. Kg1 gxf1Q+ 29. Nxf1 Rf4 30. Qd1 Ref8 31. Ne3 Ba8 32. Qd6 R4f6 33. Rxg5 hxg5 34. Qxb6 e5 35. Qc5 e4 36. b4 g4 37. b5 axb5 38. axb5 Rf3 39. b6 g3 40. h4 Bb7 41. Qd4 Ra8 42. c4 Ra3 43. Qd8+ Kh7 44. Qe8 Raxe3 45. Qh5+ Kg8 46. Qe8+ Rf8 47. Qe6+ Kh7 48. Qe7 Rf2 49. Qb4 Rd3 50. Qb1 Rdd2 51. c5 Rg2+ 52. Kh1 Rh2+ 53. Kg1 Rdg2+ 0-1

[Event "Wroclaw op"]
[Site "Wroclaw"]
[Date "2009.05.02"]
[Round "6"]
[White "Chojnacki, Krzysztof"]
[Black "Sikorska, Agata"]
[Result "0-1"]
[WhiteElo "2432"]
[BlackElo "2110"]
[PlyCount "94"]
[EventDate "2009.04.27"]
[EventType "swiss"]
[EventRounds "9"]
[EventCountry "POL"]
[SourceTitle "CBM 130 Extra"]
[Source "ChessBase"]
[SourceDate "2009.07.02"]
[SourceVersion "2"]
[SourceVersionDate "2009.07.15"]
[SourceQuality "1"]

1. e4 c5 2. Nf3 d6 3. d4 cxd4 4. Nxd4 Nf6 5. Nc3 a6 6. Bc4 e6 7. Bb3 Be7 8. f4 Nc6 9. Be3 0-0 10. 0-0 Qc7 11. f5 e5 12. Nde2 Na5 13. Ng3 Nxb3 14. axb3 b6 15. Nh5 Bb7 16. Nxf6+ Bxf6 17. Rf2 b5 18. Nd5 Bxd5 19. Qxd5 Rfc8 20. c3 Qc6 21. Rd2 Qxd5 22. Rxd5 Be7 23. Kf2 f6 24. Ke2 Kf7 25. Kd3 g6 26. g4 h5 27. h3 hxg4 28. hxg4 Rh8 29. Bf2 Rh2 30. Ke2 gxf5 31. gxf5 Rg8 32. Rd2 Rgg2 33. Rf1 Rg4 34. Kf3 Rf4+ 35. Kg3 Rh8 36. Re1 Rg8+ 37. Kh3 Rf3+ 38. Kh2 Rg4 39. Rde2 d5 40. exd5 e4 41. Bg1 Bd6+ 42. Kh1 Rh3+ 43. Bh2 Rgh4 44. Rxe4 Rxh2+ 45. Kg1 Bc5+ 46. Kf1 Rf2+ 47. Kg1 Rxe4 0-1

[Event "BL2 Ost 0809 (Women)"]
[Site "Germany"]
[Date "2009.03.08"]
[Round "7.2"]
[White "Sikorska, Agata"]
[Black "Niesch, Franziska"]
[Result "1/2-1/2"]
[WhiteElo "2110"]
[BlackElo "1905"]
[PlyCount "93"]
[EventDate "2008.11.08"]
[EventType "team-tourn"]
[EventRounds "7"]
[EventCountry "GER"]
[SourceTitle "EXT 2010"]
[Source "ChessBase"]
[SourceDate "2010.11.25"]
[SourceVersion "1"]
[SourceVersionDate "2010.11.25"]
[SourceQuality "1"]
[WhiteTeam "Guben (W)"]
[BlackTeam "Leipzig Lindenau (W)"]
[WhiteTeamCountry "GER"]
[BlackTeamCountry "GER"]

1. e4 c5 2. Nf3 d6 3. d4 cxd4 4. Nxd4 Nf6 5. Nc3 Nc6 6. Be2 g6 7. Be3 Bg7 8. 0-0 0-0 9. Kh1 Ne8 10. Qd2 Nxd4 11. Bxd4 Bxd4 12. Qxd4 Ng7 13. f4 b6 14. Rad1 Bb7 15. f5 Qc8 16. f6 Ne6 17. Qf2 exf6 18. Qxf6 Qd8 19. Qf2 Qe7 20. Bc4 Nc5 21. Qd4 Qe5 22. Nd5 Qxd4 23. Rxd4 Bxd5 24. Bxd5 Rae8 25. Kg1 Re5 26. b4 Ne6 27. Rc4 Rd8 28. c3 Rd7 29. a4 g5 30. g3 g4 31. Kg2 Ng5 32. Rf4 h5 33. Rd4 Nf3 34. Rd1 Ng5 35. c4 Kg7 36. Rd2 Rde7 37. Rd4 Ne6 38. Bxe6 R7xe6 39. h3 f5 40. Rxf5 Rxe4 41. Rxe4 Rxe4 42. Rxh5 gxh3+ 43. Kxh3 Rxc4 44. Rh4 d5 45. a5 d4 46. axb6 axb6 47. b5 1/2-1/2